Ejercicios de lógica

Salvato in:
Dettagli Bibliografici
Autore principale: Moreno, Alberto (autor)
Natura: Libro
Lingua:spagnolo
Pubblicazione: Buenos Aires Eudeba 1970
Serie:Manuales de Eudeba
Soggetti:
Tags: Aggiungi Tag
Nessun Tag, puoi essere il primo ad aggiungerne!!

MARC

LEADER 00000nam a2200000 a 4500
001 UCQ8262
003 CL-VaPUC
008 981209e19700000AG |||||||||||||||||spa|d
082 0 4 |a 160  |b MOR  |2 21 
100 |a Moreno, Alberto  |e autor  |9 346349 
245 1 0 |a Ejercicios de lógica 
300 |a 115 p 
942 |c BK 
945 |d 19981209 00:00:00  |a crobeson 
260 |a Buenos Aires  |b Eudeba  |c 1970 
650 0 |a Lógica  |9 256849 
650 0 |a Lógica aristotélica  |9 416847 
650 7 |a LOGICA METEMATICA  |2 CL-VaPUC  |9 422113 
650 0 |a Lógica simbólica   |9 269868 
650 0 |a Silogismos  |9 342142 
650 7 |a LOGICA DE PREDICADOS  |2 CL-VaPUC  |9 422114 
650 0 |a Ejercicios   |9 269807 
583 |a last modification  |c 19981209 00:00:00  |k Rodrigo Vera 
490 0 |a Manuales de Eudeba 
999 |c 277547  |d 277545 
952 |0 0  |1 0  |4 0  |6 160_000000000000000_MOR_1970  |7 0  |8 A  |9 315540  |a BIBMAT  |b BIBMAT  |d 2019-11-20  |i 1300245  |o 160 MOR 1970  |p 1300245  |r 2025-01-07  |w 2019-11-20  |y BK  |k MAT